Electrical Projects for Beginners : for high school students/ (Record no. 177814)

MARC details
000 -LEADER
fixed length control field 00641nam a22001817a 4500
005 - DATE AND TIME OF LATEST TRANSACTION
control field 20210304165744.0
010 ## - LCCN (DPL NO)
LC control number ENG-129154
020 ## - INTERNATIONAL STANDARD BOOK NUMBER
International Standard Book Number 978-93-505783-2-2
Terms of availability 195.00
035 ## - SYSTEM CONTROL NUMBER
System control number EN-112686
037 ## - SOURCE OF ACQUISITION
Source of stock number/acquisition DBAD/PUB
082 ## - DEWEY DECIMAL CLASSIFICATION NUMBER
Classification number 621.3
100 ## - MAIN ENTRY--PERSONAL NAME
Personal name Shukla, Nikhil
245 ## - TITLE STATEMENT
Title Electrical Projects for Beginners : for high school students/
Statement of responsibility, etc Nikhil Shukla
260 ## - PUBLICATION, DISTRIBUTION, ETC. (IMPRINT)
Place of publication, distribution, etc New Delhi
Name of publisher, distributor, etc V & S Publishers
Date of publication, distribution, etc 2017
270 ## - ADDRESS
City New Delhi
Postal code 110002
Address F-2/16, Ansari Road, Darya Ganj
Electronic mail address info@vspublishers.com
Telephone number 23240026, 23240027
Fax number 011-23240028
300 ## - PHYSICAL DESCRIPTION
Extent 43p.
Dimensions 24cm(pbk)
Other physical details Including illustrations.
942 ## - ADDED ENTRY ELEMENTS (KOHA)
Source of classification or shelving scheme Dewey Decimal Classification
Item type English Books
Classification part 621.3
Call number suffix SHU
Holdings
Withdrawn status Lost status Not for loan Collection code Home library Current library Date acquired Source of acquisition Cost, normal purchase price Full call number Barcode Copy number Cost, replacement price Koha item type
      Non-fiction D.B.Act.Division Mobile Library 04/03/2021 DBAD/PUB 195.00 621.3 SHU EN-112686 1 195.00 English Books

© Delhi Public Library
Hit Counter
free hit counter